| 000 | 01414nam0a2200337 4500 | ||
|---|---|---|---|
| 001 | RU\NLR\BIBL_A\010478487 | ||
| 005 | 201411030503 | ||
| 021 |
_aRU _bКН-П-18-053403 _9КН-П-18-3849 |
||
| 035 | _a(NLR Aleph) 010478487 | ||
| 035 | _a(NILC)RuMoRGB-007533008 | ||
| 090 |
_a10055870 _c10055870 |
||
| 100 | _a20141017d2014 c y0rusy50 ca | ||
| 101 | 0 | _arus | |
| 102 | _aRU | ||
| 105 | _aa|||z|||000yy | ||
| 200 | 1 |
_aМатематика для младших школьников в таблицах и схемах _eправила арифметики, основы геометрии, примеры с решениями] _fЕ. А. Арбатова |
|
| 210 |
_aСанкт-Петербург _cЛитера _d2014 |
||
| 215 |
_a62, [1] с. _cил. _d22 |
||
| 225 | 1 | _aНачальная школа | |
| 225 | 1 | _a"Начальная школа" - серия книжек - Поможет учить малышей и малышек! | |
| 313 | _aПред. изд. 2009г. | ||
| 333 | _a6+ | ||
| 606 | 1 |
_aМатематика _jУчебные издания для начальной школы _2nlr_sh1 _2nlr_sh2 _3RU\NLR\AUTH\6619329 |
|
| 686 | 3 | _aВ10я711-1 | |
| 700 | 1 |
_aАрбатова _bЕ. А. _gЕлизавета Алексеевна |
|
| 801 | 0 |
_aRU _bРГБ _c20140811 _gRCR |
|
| 942 | _cBOOK | ||
| 980 | _aNBR | ||
| 980 | _aNB | ||